000 00720nam a2200229Ia 4500
003 OSt
005 20230612160017.0
008 210423s2009 xx 000 0 und d
020 _a978-0-19-532105-0
040 _cAL
041 _aeng
082 _a791.43
_223
_bMONH
100 _aMONACO (James)
_920551
245 _aHow to read a film: movies media and beyond
_bArt technology language history theory
250 _a4th rev.
260 _aNew York
_bOxford University Press
_c2009
300 _a729
_bPB
365 _b2100
_cINR
650 _aRecreational & Performing Arts
_920552
906 _aArt ; beyond ; film: ; history ; How ; language ; media ; movies ; read ; technology ; theory
942 _2ddc
_cBK
999 _c168925
_d168925